Sports Quiz

Random Sports or Tennis Quiz

Sports 7-to-1 Quiz Stats

 Plays Quiz Updated Oct 7, 2016

Challenge
Share
Tweet
Embed
Score 0/28 Timer 06:00
7 Plays Today
% Correct
Soccer
96.1%
Rugby
95.6%
Cricket
95.5%
Field Hockey
94.8%
Lacrosse
94.8%
Water Polo
94.1%
Judo
93.8%
Taekwondo
92.1%
Sumo
91.9%
Figure Skating
90.8%
Boxing
90.7%
Parallel Bars
90.3%
Harness Racing
89.7%
Javelin
89.6%
% Correct
Show Jumping
88.6%
Badminton
88.2%
Still Rings
87.6%
Dressage
87.5%
Curling
87.1%
Kendo
86.1%
Freestyle Wrestling
86.1%
Vault
86%
Shot Put
84.4%
Pommel Horse
83.6%
Discus
83.6%
Cirit
76.1%
Gymkhana
68.9%
Hurling
58.8%

You're not logged in!

Compare scores with friends on all Sporcle quizzes.
OR
Log In

You Might Also Like...

Show Comments

Extras

Top Quizzes Today


Score Distribution

Your Account Isn't Verified!

In order to create a playlist on Sporcle, you need to verify the email address you used during registration. Go to your Sporcle Settings to finish the process.

Report this User

Report this user for behavior that violates our Community Guidelines.

Details: